Statistics for Things that are Giant

Click here to take the quiz!

General Stats

  • This quiz has been taken 36,116 times
    (8,063 since last reset)
  • The average score is 11 of 18

Answer Stats

ClueAnswer% Correct
Most famous Chinese animalGiant Panda
94%
One small step for man, one ____ ____ for mankindGiant Leap
91%
Huge deep-sea invertebrateGiant Squid
79%
Fruit inhabited by JamesGiant Peach
78%
Some can be found on the Galápagos and can live for nearly 200 yearsGiant Tortoise
77%
What our sun will become in a few billion yearsRed Giant
77%
World's largest species of treeGiant Sequoia
76%
What BFG stands for, to Roald DahlBig Friendly Giant
74%
Non-rocky planet such as JupiterGas Giant
71%
Someone who is huge, but harmlessGentle Giant
68%
Massive French wrestler who could drink 100 beers in a single sessionAndré the Giant
63%
Alpine skiing eventGiant Slalom
56%
Mollusc that can weigh hundreds of poundsGiant Clam
53%
Hexagonal columns in Northern IrelandGiant's Causeway
45%
Animated movie about a boy who befriends a giant space robotThe Iron Giant
43%
Early settlers of the Americas hunted this massive, slow-moving animal to extinctionGiant Sloth
42%
Scary insect known as a "yak killer"Asian Giant Hornet
27%
John Coltrane albumGiant Steps
18%

Score Distribution

Percentile by Number Answered

Percent of People with Each Score

Your Score History

You have not taken this quiz since the last reset